000
003180000a22001450004500
003
MACL
040
_a
MACL
090
_c
3625
_d
3625
100
_a
Parkes, Graham
245
_a
Heidegger And Asian Thought
260
_b
Motilal Banarsidas Publishers
_c
1992
350
_a
180
650
_a
Philisophy
942
_c
BOOK
_k
100
999
_c
3603
_d
3603